<?xml version="1.0" encoding="UTF-8"?><?xml-stylesheet type="text/xsl" href="static/style.xsl"?><OAI-PMH xmlns="http://www.openarchives.org/OAI/2.0/" xmlns:xsi="http://www.w3.org/2001/XMLSchema-instance" xsi:schemaLocation="http://www.openarchives.org/OAI/2.0/ http://www.openarchives.org/OAI/2.0/OAI-PMH.xsd"><responseDate>2026-04-27T12:56:01Z</responseDate><request verb="GetRecord" identifier="oai:uvadoc.uva.es:10324/37227" metadataPrefix="marc">https://uvadoc.uva.es/oai/request</request><GetRecord><record><header><identifier>oai:uvadoc.uva.es:10324/37227</identifier><datestamp>2021-06-30T01:16:50Z</datestamp><setSpec>com_10324_38</setSpec><setSpec>col_10324_852</setSpec></header><metadata><record xmlns="http://www.loc.gov/MARC21/slim" xmlns:doc="http://www.lyncode.com/xoai" xmlns:xsi="http://www.w3.org/2001/XMLSchema-instance" xmlns:dcterms="http://purl.org/dc/terms/" xsi:schemaLocation="http://www.loc.gov/MARC21/slim http://www.loc.gov/standards/marcxml/schema/MARC21slim.xsd">
<leader>00925njm 22002777a 4500</leader>
<datafield tag="042" ind1=" " ind2=" ">
<subfield code="a">dc</subfield>
</datafield>
<datafield tag="720" ind1=" " ind2=" ">
<subfield code="a">Castañeda Paucar, Jaime Jesús</subfield>
<subfield code="e">author</subfield>
</datafield>
<datafield tag="260" ind1=" " ind2=" ">
<subfield code="c">2019</subfield>
</datafield>
<datafield tag="520" ind1=" " ind2=" ">
<subfield code="a">El TFG intenta exponer como han cambiado las 4 tendencias del modelo propuesto de Jerome McCarthy. Desde una perspectiva plenamente afín basada en el marketing hasta llegar al marketing 4.0 propuesto por Philip Kotler en 2016, en el cual las acciones buscan que los consumidores recomienden un producto que ha sido desarrollado y vendido y promocionado a nivel online y off line basándose en las 4P's</subfield>
</datafield>
<datafield tag="024" ind2=" " ind1="8">
<subfield code="a">http://uvadoc.uva.es/handle/10324/37227</subfield>
</datafield>
<datafield tag="245" ind1="0" ind2="0">
<subfield code="a">Evolución de las 4P o marketing Mix</subfield>
</datafield>
</record></metadata></record></GetRecord></OAI-PMH>